000
00254nam a2200109Ia 4500
008
230320s9999||||xx |||||||||||||| ||spa||
082
_a
928.5/L35
100
_a
Lecaros, Fernando
245
0
_a
El Joven Basadre
260
_b
Rikchay PerĂº
942
_8
0
_c
LIB
999
_c
34464
_d
34464